[Event "Anti Cheating Blitz Cup"]
[White "Pichot, Alan"]
[Black "Ruiz Gutierrez, Yomar"]
[Site "Chess.com INT"]
[Round "3"]
[Result "1-0"]
[Date "2020.05.20"]
[WhiteElo "2630"]
[BlackElo "1570"]
[PlyCount "59"]
[EventDate "2020.05.20"]
[EventType "swiss (blitz)"]
[EventRounds "11"]
[EventCountry "USA"]
[SourceTitle "CBM 196 Extra"]
[Source "ChessBase"]
[SourceDate "2020.07.31"]
[SourceVersion "1"]
[SourceVersionDate "2020.07.31"]
[SourceQuality "1"]

1. d4 c6 2. c4 d5 3. Nc3 Nf6 4. cxd5 cxd5 5. Bf4 Nc6 6. e3 a6 7. Bd3 g6 8. Nf3 Bg7 9. h3 b5 10. 0-0 0-0 11. Rc1 Bb7 12. Ne5 Rc8 13. Nxc6 Bxc6 14. Be5 e6 15. Qb3 Nd7 16. Bxg7 Kxg7 17. a4 bxa4 18. Nxa4 Qa5 19. Nc5 Rb8 20. Qa3 Qxa3 21. bxa3 Nxc5 22. Rxc5 Bb5 23. Bxb5 Rxb5 24. Rfc1 Rfb8 25. R1c2 h5 26. h4 Kf6 27. Kh2 R8b7 28. Kg3 Kf5 29. Kf3 f6 30. e4# 1-0